000 00491nam a2200181#a 4500
001 01458
003 HDC
007 ta
008 230623s2023 xx 000 0 eng d
020 _a9789834088446 (pbk.).
040 _aHDC
050 _acd smidec HD 30.28
_b .P36 2009 C6
245 0 _aPanduan langkah demi langkah memulakan perniagaan /
_c Perbadanan Pembangunan Industri Kecil dan Sederhana
942 _2lcc
942 _cBK
942 _kcd smidec HD 30.28
942 _m .P36 2009 C6
999 _c23024
_d23024